00341cam a2200133ua 4500020001000000041001000010082002000020100002800040245006600068260004600134300001200180365001000192504000500202 c$1.25 aengh a531.112bMAX/MA aMaxwell, James Clark . aMatter and motion / cJames Clark Maxwell.hTextual Documents aNew York : bDover Publications , c1877. a178 ; . a$1.25 a